Organizational behavior: (Record no. 101899)

MARC details
000 -LEADER
fixed length control field 00914nam a22002417a 4500
005 - DATE AND TIME OF LATEST TRANSACTION
control field 20170206115510.0
010 ## - LCCN (DPL NO)
LC control number 1617EN ENG-116846
020 ## - INTERNATIONAL STANDARD BOOK NUMBER
International Standard Book Number 9788131525913
Terms of availability 575.00
035 ## - SYSTEM CONTROL NUMBER
System control number B-650662-673
035 ## - SYSTEM CONTROL NUMBER
System control number EN-100378
037 ## - SOURCE OF ACQUISITION
Source of stock number/acquisition BSB
Stock number DPL
082 ## - DEWEY DECIMAL CLASSIFICATION NUMBER
Classification number 658.1
100 ## - MAIN ENTRY--PERSONAL NAME
Personal name Griffin, Ricky W.
245 ## - TITLE STATEMENT
Title Organizational behavior:
Statement of responsibility, etc by Ricky W.Griffin [and] Gregory Moorhead
Remainder of title managing people and organizations /
250 ## - EDITION STATEMENT
Edition statement 11th ed
260 ## - PUBLICATION, DISTRIBUTION, ETC. (IMPRINT)
Place of publication, distribution, etc Delhi
Name of publisher, distributor, etc Cengage Learning
Date of publication, distribution, etc 2015
270 ## - ADDRESS
Address 418, F.i.E.,patparganj
City Delhi
Postal code 110092
Telephone number 91 11 43641111
Fax number 91 11 43641100
300 ## - PHYSICAL DESCRIPTION
Extent xxv, 598p.:
Dimensions 25cm(pbk)
Other physical details ill.
500 ## - GENERAL NOTE
General note Includes index
700 ## - ADDED ENTRY--PERSONAL NAME
Personal name Moorhead, Gregory
942 ## - ADDED ENTRY ELEMENTS (KOHA)
Source of classification or shelving scheme Dewey Decimal Classification
Item type English Books
Classification part 658.1
Call number suffix GRI
Holdings
Withdrawn status Lost status Not for loan Collection code Home library Current library Date acquired Source of acquisition Cost, normal purchase price Full call number Barcode Copy number Cost, replacement price Koha item type
      Non-fiction Bawana Bawana 06/02/2017 BPPD/EN/2016-17/289/24.11.2016/337/2.12.2016/4.1.2017 625.00 658.1 GRI B-650671 1 625.00 English Books
      Non-fiction Central Jail Tihar Central Jail Tihar 06/02/2017 BPPD/EN/2016-17/289/24.11.2016/337/2.12.2016/4.1.2017 625.00 658.1 GRI B-650668 1 625.00 English Books
      Non-fiction Central Library Central Library 06/02/2017 BPPD/EN/2016-17/289/24.11.2016/337/2.12.2016/4.1.2017 625.00 658.1 GRI B-650662 1 625.00 English Books
    Not For Loan Non-fiction D.B.Act.Division D.B.Act.Division 16/12/2016 DBAD/PUB 575.00 658.1 GRI EN-100378 1 575.00 English Books
      Non-fiction Janak Puri Janak Puri 06/02/2017 BPPD/EN/2016-17/289/24.11.2016/337/2.12.2016/4.1.2017 625.00 658.1 GRI B-650669 1 625.00 English Books
      Non-fiction Kasturba Gandhi Marg Kasturba Gandhi Marg 06/02/2017 BPPD/EN/2016-17/289/24.11.2016/337/2.12.2016/4.1.2017 625.00 658.1 GRI B-650665 1 625.00 English Books
      Non-fiction New Police Line New Police Line 06/02/2017 BPPD/EN/2016-17/289/24.11.2016/337/2.12.2016/4.1.2017 625.00 658.1 GRI B-650663 1 625.00 English Books
      Non-fiction Patel Nagar Patel Nagar 06/02/2017 BPPD/EN/2016-17/289/24.11.2016/337/2.12.2016/4.1.2017 625.00 658.1 GRI B-650664 1 625.00 English Books
      Non-fiction Peshwa Road Peshwa Road 06/02/2017 BPPD/EN/2016-17/289/24.11.2016/337/2.12.2016/4.1.2017 625.00 658.1 GRI B-650666 1 625.00 English Books
      Non-fiction Sarojini Nagar Sarojini Nagar 06/02/2017 BPPD/EN/2016-17/289/24.11.2016/337/2.12.2016/4.1.2017 625.00 658.1 GRI B-650670 1 625.00 English Books
      Non-fiction Shahdara Branch Shahdara Branch 06/02/2017 BPPD/EN/2016-17/289/24.11.2016/337/2.12.2016/4.1.2017 625.00 658.1 GRI B-650672 1 625.00 English Books
      Non-fiction Tri Nagar Tri Nagar 06/02/2017 BPPD/EN/2016-17/289/24.11.2016/337/2.12.2016/4.1.2017 625.00 658.1 GRI B-650667 1 625.00 English Books
      Non-fiction Yojana Vihar Yojana Vihar 06/02/2017 BPPD/EN/2016-17/289/24.11.2016/337/2.12.2016/4.1.2017 625.00 658.1 GRI B-650673 1 625.00 English Books

© Delhi Public Library
Hit Counter
free hit counter